000 00558nam a2200217Ia 4500
003 OSt
005 20220928140535.0
006 a|||||r|||| 00| 0
007 ta
008 220927b |||||||| |||| 00| 0 eng d
024 _a9263
037 _cTextual
040 _aSDCL
_cSDCL
_beng
041 _2eng
_aeng
082 _aD6,8(B289), M4
100 _aLoeckk Jacques Ed.
_9495778
245 0 _aFoundations of program verification
260 _c1984
942 _hD6,8(B289), M4
_cTEXL
_2CC
999 _c812011
_d812011